[Event "Novi Sad TS Mix 252"]
[Site "Novi Sad"]
[Date "2022.04.29"]
[Round "7"]
[White "Rosh, Jain"]
[Black "Zivkovic, Vladislav"]
[Result "1-0"]
[WhiteElo "2221"]
[BlackElo "2163"]
[PlyCount "77"]
[EventDate "2022.04.25"]
[EventType "tourn"]
[EventRounds "9"]
[EventCountry "SRB"]
[SourceTitle "CBM 208 Extra"]
[Source "ChessBase"]
[SourceDate "2022.07.31"]
[SourceVersion "1"]
[SourceVersionDate "2022.07.31"]
[SourceQuality "1"]

1. e4 c6 2. d4 d5 3. Nc3 dxe4 4. Nxe4 Nf6 5. Nxf6+ exf6 6. Nf3 Bd6 7. Bd3 0-0 8. Be3 Bg4 9. h3 Bh5 10. g4 Bg6 11. Qd2 Re8 12. 0-0-0 Qc7 13. Nh4 Bxd3 14. Qxd3 g6 15. Ng2 Na6 16. c3 Rad8 17. h4 c5 18. h5 c4 19. Qc2 b5 20. hxg6 fxg6 21. a3 Rd7 22. Rh3 Rde7 23. Rdh1 Qd7 24. Rh4 Nc7 25. Qd1 Qc6 26. Ne1 a5 27. Qc2 b4 28. axb4 axb4 29. Kd2 Nd5 30. Ng2 bxc3+ 31. bxc3 Nxe3 32. Nxe3 Bf4 33. Re1 Qf3 34. Kc1 Rxe3 35. fxe3 Bxe3+ 36. Kb1 Qb7+ 37. Qb2 Qxb2+ 38. Kxb2 Bf2 39. Rxe8+ 1-0

[Event "Novi Sad TS Mix 252"]
[Site "Novi Sad"]
[Date "2022.04.29"]
[Round "8"]
[White "Zivkovic, Vladislav"]
[Black "Koutlas, Nikolaos"]
[Result "0-1"]
[WhiteElo "2163"]
[BlackElo "2251"]
[PlyCount "51"]
[EventDate "2022.04.25"]
[EventType "tourn"]
[EventRounds "9"]
[EventCountry "SRB"]
[SourceTitle "CBM 208 Extra"]
[Source "ChessBase"]
[SourceDate "2022.07.31"]
[SourceVersion "1"]
[SourceVersionDate "2022.07.31"]
[SourceQuality "1"]

1. c4 e6 2. g3 Nf6 3. Bg2 d5 4. Qc2 c5 5. Nf3 Nc6 6. a3 d4 7. d3 Bd6 8. e3 a5 9. exd4 cxd4 10. b3 0-0 11. 0-0 h6 12. Re1 e5 13. Nbd2 Bf5 14. c5 Bc7 15. Rb1 Re8 16. b4 axb4 17. axb4 Nd5 18. b5 Ncb4 19. Qb3 Bxd3 20. Rb2 Bxb5 21. Nxe5 Rxe5 22. Rxe5 Bxe5 23. Bxd5 Qxd5 24. Qxb4 Bc6 25. f3 d3 26. Rb1 0-1

[Event "Novi Sad TS Mix 252"]
[Site "Novi Sad"]
[Date "2022.04.28"]
[Round "6"]
[White "Zivkovic, Vladislav"]
[Black "Popchev, Milko"]
[Result "1/2-1/2"]
[WhiteElo "2163"]
[BlackElo "2198"]
[PlyCount "31"]
[EventDate "2022.04.25"]
[EventType "tourn"]
[EventRounds "9"]
[EventCountry "SRB"]
[SourceTitle "CBM 208 Extra"]
[Source "ChessBase"]
[SourceDate "2022.07.31"]
[SourceVersion "1"]
[SourceVersionDate "2022.07.31"]
[SourceQuality "1"]

1. e4 e6 2. d4 d6 3. Nd2 Nd7 4. Bd3 Be7 5. f4 c5 6. c3 b6 7. Ngf3 Bb7 8. Qe2 Qc7 9. 0-0 h6 10. e5 cxd4 11. cxd4 g6 12. Ne4 d5 13. Nf2 h5 14. Bd2 Nh6 15. Rac1 Qd8 16. a3 1/2-1/2

[Event "Novi Sad TS Mix 252"]
[Site "Novi Sad"]
[Date "2022.04.27"]
[Round "3"]
[White "Lu, Miaoyi"]
[Black "Zivkovic, Vladislav"]
[Result "1-0"]
[WhiteElo "2254"]
[BlackElo "2163"]
[PlyCount "73"]
[EventDate "2022.04.25"]
[EventType "tourn"]
[EventRounds "9"]
[EventCountry "SRB"]
[SourceTitle "CBM 208 Extra"]
[Source "ChessBase"]
[SourceDate "2022.07.31"]
[SourceVersion "1"]
[SourceVersionDate "2022.07.31"]
[SourceQuality "1"]

1. d4 d5 2. c4 e6 3. Nc3 c5 4. cxd5 exd5 5. Nf3 Nc6 6. dxc5 d4 7. Na4 Bxc5 8. Nxc5 Qa5+ 9. Qd2 Qxc5 10. a3 Bg4 11. b4 Qb6 12. Qg5 Bxf3 13. gxf3 Nge7 14. Bh3 Ng6 15. f4 Qd8 16. f5 Qxg5 17. Bxg5 h6 18. Bd2 Nge5 19. b5 Ne7 20. Rc1 0-0 21. f4 Nd7 22. Rc7 Rfd8 23. f6 Nxf6 24. Rxe7 a6 25. b6 Nd5 26. Rxb7 Rab8 27. Rxb8 Rxb8 28. b7 Rxb7 29. Bg2 Rb5 30. a4 Rc5 31. Bxd5 Rxd5 32. Kf2 d3 33. e3 f5 34. Rc1 g5 35. Rc6 Kh7 36. Rxa6 Rc5 37. Rd6 1-0

[Event "SRB-chT 1st League"]
[Site "Kragujevac"]
[Date "2016.09.16"]
[Round "9.6"]
[White "Arandjelovic, Aleksandar Z"]
[Black "Zivkovic, Vladislav"]
[Result "0-1"]
[WhiteElo "2049"]
[BlackElo "2166"]
[PlyCount "98"]
[EventDate "2016.09.10"]
[EventType "team-tourn"]
[EventRounds "11"]
[EventCountry "SRB"]
[SourceTitle "CBM 174 Extra"]
[Source "ChessBase"]
[SourceDate "2016.10.10"]
[SourceVersion "1"]
[SourceVersionDate "2016.10.10"]
[SourceQuality "1"]
[WhiteTeam "Pirot Progres"]
[BlackTeam "Valjevo"]
[WhiteTeamCountry "SRB"]
[BlackTeamCountry "SRB"]

1. Nf3 d5 2. c4 e6 3. g3 c5 4. Bg2 Nc6 5. 0-0 Nf6 6. cxd5 exd5 7. d3 Be7 8. Nbd2 0-0 9. Re1 Bg4 10. h3 Bxf3 11. Nxf3 d4 12. Nh4 Qd7 13. Bg5 h6 14. Bd2 Rfe8 15. Qb3 Kf8 16. a3 Rad8 17. Rac1 Nd5 18. Nf3 Kg8 19. Rc2 Bf8 20. Kh2 Nf6 21. Qa4 a6 22. Ng1 Qf5 23. Nf3 Qd7 24. Ng1 Re6 25. Rec1 b5 26. Qb3 Ne5 27. Nf3 c4 28. Qa2 cxd3 29. Nxe5 Rxe5 30. exd3 Qf5 31. Ba5 Rde8 32. b4 Qh5 33. f3 Re1 34. Bc7 Rxc1 35. Rxc1 Qf5 36. Qd2 Nd5 37. g4 Qe6 38. Bg3 Qe2 39. Rc2 Qe6 40. f4 Ne3 41. Rc6 Nf1+ 42. Bxf1 Qxc6 43. h4 Bd6 44. Bg2 Qc3 45. Qa2 Qc7 46. Bf2 Bxf4+ 47. Kh3 Qd7 48. Be4 Rxe4 49. dxe4 d3 0-1

[Event "SRB-chT 1st League"]
[Site "Kragujevac"]
[Date "2016.09.15"]
[Round "8.1"]
[White "Zivkovic, Vladislav"]
[Black "Radovic, Luka"]
[Result "1/2-1/2"]
[WhiteElo "2166"]
[BlackElo "2254"]
[PlyCount "98"]
[EventDate "2016.09.10"]
[EventType "team-tourn"]
[EventRounds "11"]
[EventCountry "SRB"]
[SourceTitle "CBM 174 Extra"]
[Source "ChessBase"]
[SourceDate "2016.10.10"]
[SourceVersion "1"]
[SourceVersionDate "2016.10.10"]
[SourceQuality "1"]
[WhiteTeam "Valjevo"]
[BlackTeam "Kragujevac Radnicki"]
[WhiteTeamCountry "SRB"]
[BlackTeamCountry "SRB"]

1. c4 e5 2. g3 Nf6 3. Bg2 d5 4. cxd5 Nxd5 5. Nc3 Nb6 6. Nf3 Nc6 7. 0-0 Be7 8. a3 0-0 9. b4 Re8 10. Rb1 Bf8 11. d3 Bg4 12. h3 Bh5 13. Ne4 a5 14. Bd2 axb4 15. axb4 Nd5 16. b5 Nd4 17. Neg5 Ra3 18. Nxd4 exd4 19. Nf3 Bc5 20. Re1 Qd6 21. g4 Bg6 22. Nh4 b6 23. Ra1 Nc3 24. Bxc3 Rxc3 25. Qa4 Qf4 26. e3 Qe5 27. Nf3 Qf6 28. exd4 Rxe1+ 29. Rxe1 Bf8 30. Ne5 Qd6 31. Nxg6 hxg6 32. Bf1 Ra3 33. Qc4 Be7 34. Re3 Ra8 35. Bg2 Ra1+ 36. Bf1 Ra8 37. Bg2 Rd8 38. Bd5 Qxd5 39. Qxd5 Rxd5 40. Rxe7 Rxd4 41. Rxc7 Rd5 42. Rc8+ Kh7 43. Rb8 Rxb5 44. d4 g5 45. d5 Rxd5 46. Rxb6 f6 47. Kg2 Rd3 48. Ra6 Kg8 49. Ra7 Kf8 1/2-1/2

[Event "SRB-chT 1st League"]
[Site "Kragujevac"]
[Date "2016.09.14"]
[Round "7.6"]
[White "Zivkovic, Vladislav"]
[Black "Grkovic, Vladan"]
[Result "1/2-1/2"]
[WhiteElo "2166"]
[BlackElo "2178"]
[PlyCount "80"]
[EventDate "2016.09.10"]
[EventType "team-tourn"]
[EventRounds "11"]
[EventCountry "SRB"]
[SourceTitle "CBM 174 Extra"]
[Source "ChessBase"]
[SourceDate "2016.10.10"]
[SourceVersion "1"]
[SourceVersionDate "2016.10.10"]
[SourceQuality "1"]
[WhiteTeam "Valjevo"]
[BlackTeam "Nis Svitanja"]
[WhiteTeamCountry "SRB"]
[BlackTeamCountry "SRB"]

1. c4 c6 2. g3 d5 3. Bg2 Nf6 4. Qc2 e5 5. d3 h6 6. Nd2 Be6 7. Ngf3 Nbd7 8. 0-0 Be7 9. b3 d4 10. Re1 a5 11. a3 c5 12. Nf1 Qc7 13. Rb1 0-0 14. Bd2 Ra7 15. b4 b6 16. bxa5 bxa5 17. Rb5 Ne8 18. Reb1 Nd6 19. R5b2 a4 20. h3 f5 21. Qc1 Kh7 22. N3h2 g5 23. f4 gxf4 24. gxf4 Rg8 25. fxe5 Nxe5 26. Bf4 Bg5 27. Bxg5 Rxg5 28. Nf3 Nxf3+ 29. exf3 Ne8 30. f4 Rg6 31. Kh1 Bc8 32. Qe1 Ng7 33. Qh4 Bd7 34. Ng3 Bc6 35. Kh2 Bxg2 36. Rxg2 Rb7 37. Re1 Rb3 38. Rd2 Qc6 39. Nh5 Qf3 40. Nxg7 Rxg7 1/2-1/2

[Event "SRB-chT 1st League"]
[Site "Kragujevac"]
[Date "2016.09.11"]
[Round "3.4"]
[White "Zivkovic, Vladislav"]
[Black "Vuckovic, Branko"]
[Result "0-1"]
[WhiteElo "2166"]
[BlackElo "2263"]
[PlyCount "88"]
[EventDate "2016.09.10"]
[EventType "team-tourn"]
[EventRounds "11"]
[EventCountry "SRB"]
[SourceTitle "CBM 174 Extra"]
[Source "ChessBase"]
[SourceDate "2016.10.10"]
[SourceVersion "1"]
[SourceVersionDate "2016.10.10"]
[SourceQuality "1"]
[WhiteTeam "Valjevo"]
[BlackTeam "Ub"]
[WhiteTeamCountry "SRB"]
[BlackTeamCountry "SRB"]

1. c4 e5 2. g3 Nc6 3. Bg2 Bc5 4. Nc3 a6 5. Nf3 d6 6. 0-0 Nf6 7. d3 h6 8. a3 Be6 9. b4 Ba7 10. Ne1 0-0 11. Nd5 Nh7 12. Nc2 Nd4 13. e3 Nb3 14. Rb1 Nxc1 15. Rxc1 c6 16. Nc3 f5 17. Qe2 Nf6 18. d4 e4 19. Rfd1 Bf7 20. Rd2 b5 21. c5 Bh5 22. Qe1 d5 23. Na1 Bb8 24. Nb3 Ra7 25. Ra2 g5 26. a4 Rg7 27. axb5 axb5 28. Ra8 f4 29. Rca1 Be8 30. R1a6 fxg3 31. fxg3 Rgf7 32. Qe2 Rc7 33. Bh3 Bd7 34. Rxb8 Qxb8 35. Bxd7 Rxd7 36. Rxc6 Rdf7 37. Nd1 Qb7 38. Rb6 Qc8 39. Nd2 Qf5 40. c6 Ng4 41. Rxb5 Nf2 42. Nc3 Nh3+ 43. Kg2 g4 44. Nd1 Qf2+ 0-1

[Event "SRB-chT 1st League"]
[Site "Kragujevac"]
[Date "2016.09.10"]
[Round "1.3"]
[White "Zivkovic, Vladislav"]
[Black "Ivic, Matija"]
[Result "0-1"]
[WhiteElo "2166"]
[BlackElo "2156"]
[PlyCount "80"]
[EventDate "2016.09.10"]
[EventType "team-tourn"]
[EventRounds "11"]
[EventCountry "SRB"]
[SourceTitle "CBM 174 Extra"]
[Source "ChessBase"]
[SourceDate "2016.10.10"]
[SourceVersion "1"]
[SourceVersionDate "2016.10.10"]
[SourceQuality "1"]
[WhiteTeam "Valjevo"]
[BlackTeam "Paracin"]
[WhiteTeamCountry "SRB"]
[BlackTeamCountry "SRB"]

1. c4 g6 2. Nc3 Bg7 3. g3 c5 4. Bg2 Nc6 5. Nf3 Nh6 6. d4 cxd4 7. Bxh6 Bxh6 8. Nxd4 Bg7 9. e3 0-0 10. 0-0 d6 11. Qd2 Bd7 12. Rac1 Rc8 13. h3 Nxd4 14. exd4 Rxc4 15. Ne2 Rxc1 16. Rxc1 Qb6 17. Rc3 Be6 18. a3 Rc8 19. b4 Rc4 20. Rxc4 Bxc4 21. d5 Qa6 22. Nf4 Qxa3 23. Kh2 Qc3 24. Qd1 h5 25. Qa4 Qd4 26. Qd7 Be5 27. Qxe7 Qxf2 28. Qxb7 Bf1 29. Qc8+ Kg7 30. Ne6+ fxe6 31. Qc7+ Kh8 32. Qc8+ Kh7 33. Qb7+ Bg7 34. dxe6 Qxg2+ 35. Qxg2 Bxg2 36. Kxg2 Kg8 37. Kf3 Kf8 38. Ke4 Ke7 39. Kd5 Be5 40. g4 h4 0-1

[Event "SRB-chT 1st League"]
[Site "Kragujevac"]
[Date "2015.09.11"]
[Round "9.5"]
[White "Zivkovic, Vladislav"]
[Black "Grkovic, Vladan"]
[Result "1/2-1/2"]
[WhiteElo "2177"]
[BlackElo "2167"]
[PlyCount "50"]
[EventDate "2015.09.05"]
[EventType "team-tourn"]
[EventRounds "11"]
[EventCountry "SRB"]
[SourceTitle "EXT 2016"]
[Source "ChessBase"]
[SourceDate "2015.10.08"]
[SourceVersion "1"]
[SourceVersionDate "2015.10.08"]
[SourceQuality "1"]
[WhiteTeam "Valjevo 2005"]
[BlackTeam "Nis Svitanja"]
[WhiteTeamCountry "SRB"]
[BlackTeamCountry "SRB"]

1. c4 c6 2. Nf3 d5 3. b3 Nf6 4. g3 Bf5 5. Bg2 h6 6. Bb2 e6 7. 0-0 Be7 8. d3 0-0 9. Nbd2 a5 10. a3 Na6 11. Qc2 Nd7 12. Rfd1 Bf6 13. Rac1 e5 14. e4 dxe4 15. dxe4 Be6 16. Nf1 Qb6 17. Rb1 Rfd8 18. Ne3 Qc7 19. Rd2 Nf8 20. Rbd1 Rxd2 21. Rxd2 Ng6 22. h4 h5 23. Bc3 Rd8 24. b4 axb4 25. axb4 Be7 1/2-1/2

[Event "SRB-chT 1st League"]
[Site "Kragujevac"]
[Date "2015.09.08"]
[Round "5.3"]
[White "Zivkovic, Vladislav"]
[Black "Ivanovic, Lazar"]
[Result "1/2-1/2"]
[WhiteElo "2177"]
[BlackElo "2017"]
[PlyCount "67"]
[EventDate "2015.09.05"]
[EventType "team-tourn"]
[EventRounds "11"]
[EventCountry "SRB"]
[SourceTitle "EXT 2016"]
[Source "ChessBase"]
[SourceDate "2015.10.08"]
[SourceVersion "1"]
[SourceVersionDate "2015.10.08"]
[SourceQuality "1"]
[WhiteTeam "Valjevo 2005"]
[BlackTeam "Arandjelovac"]
[WhiteTeamCountry "SRB"]
[BlackTeamCountry "SRB"]

1. c4 Nf6 2. g3 d6 3. Nc3 e5 4. Bg2 Nbd7 5. d3 c6 6. e4 Be7 7. Nge2 Qc7 8. 0-0 a5 9. h3 Nc5 10. b3 Bd7 11. f4 Ne6 12. d4 c5 13. dxe5 dxe5 14. Nd5 Nxd5 15. cxd5 Nd4 16. fxe5 Nxe2+ 17. Qxe2 Qxe5 18. Bf4 Qd4+ 19. Kh2 g5 20. Rad1 Qg7 21. Bc1 Bd6 22. Bb2 Be5 23. Bxe5 Qxe5 24. Qf2 0-0 25. Qxc5 Rac8 26. Qe3 Rc2 27. Rd2 Rc3 28. Rd3 Rc2 29. Rf2 Rfc8 30. Rxc2 Rxc2 31. Rd2 Rc3 32. Rd3 Rc2 33. Rd2 Rc3 34. Rd3 1/2-1/2

[Event "SRB-chT Central"]
[Site "Kraljevo"]
[Date "2014.09.14"]
[Round "3.3"]
[White "Organdziev, Oliver"]
[Black "Zivkovic, Vladislav"]
[Result "1-0"]
[WhiteElo "2302"]
[BlackElo "2201"]
[PlyCount "55"]
[EventDate "2014.09.13"]
[EventType "team-tourn"]
[EventRounds "11"]
[EventCountry "SRB"]
[SourceTitle "CBM 162 Extra"]
[Source "ChessBase"]
[SourceDate "2014.10.17"]
[SourceVersion "1"]
[SourceVersionDate "2014.10.17"]
[SourceQuality "1"]
[WhiteTeam "Petrovac"]
[BlackTeam "Valjevo 2005"]
[WhiteTeamCountry "SRB"]
[BlackTeamCountry "SRB"]

1. e4 c6 2. d4 d5 3. e5 Bf5 4. Nf3 e6 5. Be2 c5 6. c4 dxc4 7. Nc3 Bd3 8. Bxd3 cxd3 9. Qxd3 Nc6 10. Be3 cxd4 11. Bxd4 Nxd4 12. Nxd4 a6 13. 0-0-0 Qc7 14. Nc2 Nh6 15. h3 Be7 16. f4 Rd8 17. Qe4 0-0 18. g4 Rxd1+ 19. Rxd1 Rd8 20. Rxd8+ Bxd8 21. Nd4 g6 22. Kc2 Be7 23. a3 Bf8 24. b4 Qc4 25. Qd3 Qc7 26. Kb3 b5 27. Ne4 Kh8 28. Nf6 1-0

[Event "SRB-CupT Central Serbia"]
[Site "Serbia"]
[Date "2014.05.03"]
[Round "6.3"]
[White "Smolovic, Mile"]
[Black "Zivkovic, Vladislav"]
[Result "1/2-1/2"]
[WhiteElo "2323"]
[BlackElo "2195"]
[PlyCount "47"]
[EventDate "2014.03.23"]
[EventType "team"]
[EventRounds "8"]
[EventCountry "SRB"]
[SourceTitle "EXT 2015"]
[Source "ChessBase"]
[SourceDate "2014.11.20"]
[SourceVersion "1"]
[SourceVersionDate "2014.11.20"]
[SourceQuality "1"]

1. e4 c6 2. d4 d5 3. Nd2 dxe4 4. Nxe4 Nf6 5. Nxf6+ exf6 6. c3 Bd6 7. Bd3 0-0 8. Qc2 g6 9. Ne2 Re8 10. h4 f5 11. Bd2 Nd7 12. 0-0-0 Qc7 13. c4 b6 14. f3 Bb7 15. g4 fxg4 16. fxg4 c5 17. d5 Ne5 18. h5 b5 19. hxg6 fxg6 20. cxb5 Bxd5 21. Be4 Bxe4 22. Qxe4 Qf7 23. Bc3 c4 24. Kb1 1/2-1/2

[Event "SRB-chT2 West CS"]
[Site "Serbia"]
[Date "2011.10.15"]
[Round "9.5"]
[White "Gavrilovic, Leonardo"]
[Black "Zivkovic, Vladislav"]
[Result "1-0"]
[WhiteElo "2262"]
[BlackElo "2181"]
[PlyCount "59"]
[EventDate "2011.09.11"]
[EventType "team"]
[EventRounds "11"]
[EventCountry "SRB"]
[SourceTitle "EXT 2015"]
[Source "ChessBase"]
[SourceDate "2014.11.20"]
[SourceVersion "1"]
[SourceVersionDate "2014.11.20"]
[SourceQuality "1"]

1. e4 c6 2. c4 d5 3. exd5 cxd5 4. d4 Nf6 5. Nc3 Nc6 6. Be3 dxc4 7. Bxc4 e6 8. Nf3 Be7 9. a3 a6 10. 0-0 0-0 11. Rc1 b5 12. Bd3 Bb7 13. b4 Rc8 14. Qe2 Qd7 15. Rfd1 Rfd8 16. Bb1 g6 17. Ba2 Nd5 18. Ne4 Nxe3 19. Qxe3 Nb8 20. Nc5 Bxc5 21. dxc5 Bd5 22. Ne5 Qa7 23. Bb1 Nc6 24. Ng4 Qe7 25. Qf4 f5 26. Ne5 Nxe5 27. Qxe5 Qg5 28. Qg3 Qxg3 29. hxg3 Bc4 30. f4 1-0

[Event "SRB-chT2 West CS"]
[Site "Serbia"]
[Date "2011.10.13"]
[Round "6.2"]
[White "Zivkovic, Vladislav"]
[Black "Vasilic, Mihailo"]
[Result "1-0"]
[WhiteElo "2181"]
[BlackElo "2044"]
[PlyCount "136"]
[EventDate "2011.09.11"]
[EventType "team"]
[EventRounds "11"]
[EventCountry "SRB"]
[SourceTitle "EXT 2015"]
[Source "ChessBase"]
[SourceDate "2014.11.20"]
[SourceVersion "1"]
[SourceVersionDate "2014.11.20"]
[SourceQuality "1"]

1. Nf3 d5 2. c4 d4 3. g3 c5 4. d3 Nc6 5. Bg2 e5 6. 0-0 Bd6 7. e3 Nge7 8. exd4 exd4 9. Nbd2 f5 10. Re1 0-0 11. Ng5 g6 12. Ne6 Bxe6 13. Rxe6 Qd7 14. Re1 Rae8 15. Nf3 Kg7 16. Bd2 Ng8 17. Qb3 h6 18. a3 Nf6 19. Rab1 g5 20. Qa4 Ne5 21. Qxd7+ Nexd7 22. b4 b6 23. b5 Kf7 24. a4 Rxe1+ 25. Bxe1 Re8 26. Kf1 f4 27. gxf4 Bxf4 28. h3 Kg6 29. a5 Kf5 30. axb6 axb6 31. Ra1 Re6 32. Ra7 h5 33. Nd2 Ne5 34. Ra3 Ng6 35. Ne4 Nh4 36. Bh1 g4 37. Nxf6 Kxf6 38. hxg4 hxg4 39. Bd5 Rd6 40. Ra7 Nf3 41. Rf7+ Kg5 42. Be4 Nxe1 43. Rf5+ Kh4 44. Rxf4 Nc2 45. Ke2 Kg5 46. Rf5+ Kh6 47. Rf7 Nb4 48. Kf1 Na2 49. Rc7 Kg5 50. Rc6 Rf6 51. Rc8 Nc3 52. Rg8+ Kf4 53. Bc6 Nb1 54. Bd7 Rh6 55. Rxg4+ Ke5 56. Kg2 Nd2 57. Rg8 Rf6 58. Bc6 Nb3 59. Be4 Nd2 60. Bd5 Kf4 61. Rg7 Ke5 62. f3 Kf4 63. Kf2 Rh6 64. Rf7+ Ke5 65. Rg7 Rh2+ 66. Kg1 Rh6 67. Kg2 Kf4 68. Re7 Rg6+ 1-0

[Event "SRB-chT2 West CS"]
[Site "Serbia"]
[Date "2011.09.25"]
[Round "3.1"]
[White "Obradovic, Blazimir"]
[Black "Zivkovic, Vladislav"]
[Result "1/2-1/2"]
[WhiteElo "2183"]
[BlackElo "2181"]
[PlyCount "24"]
[EventDate "2011.09.11"]
[EventType "team"]
[EventRounds "11"]
[EventCountry "SRB"]
[SourceTitle "EXT 2015"]
[Source "ChessBase"]
[SourceDate "2014.11.20"]
[SourceVersion "1"]
[SourceVersionDate "2014.11.20"]
[SourceQuality "1"]

1. d4 d5 2. c4 e6 3. Nc3 c5 4. Nf3 Nc6 5. cxd5 exd5 6. g3 Nf6 7. Bg2 Be7 8. 0-0 0-0 9. b3 Ne4 10. Bb2 Bf6 11. e3 Nxc3 12. Bxc3 Bg4 1/2-1/2

[Event "Valjevo op"]
[Site "Valjevo"]
[Date "2010.11.14"]
[Round "9"]
[White "Zivkovic, Vladislav"]
[Black "Andrijevic, Milan"]
[Result "0-1"]
[WhiteElo "2220"]
[BlackElo "2344"]
[PlyCount "94"]
[EventDate "2010.11.08"]
[EventType "swiss"]
[EventRounds "9"]
[EventCountry "YUG"]
[SourceTitle "EXT 2011"]
[Source "ChessBase"]
[SourceDate "2010.11.26"]
[SourceVersion "1"]
[SourceVersionDate "2010.11.26"]
[SourceQuality "1"]

1. Nf3 Nf6 2. c4 e6 3. g3 c5 4. Bg2 Nc6 5. 0-0 Be7 6. d4 d5 7. cxd5 exd5 8. dxc5 Bxc5 9. Qc2 Bb6 10. h3 Ne4 11. e3 0-0 12. Nc3 Nxc3 13. bxc3 Be6 14. Ba3 Re8 15. Nd4 Ne5 16. Nxe6 fxe6 17. Rad1 Rc8 18. Bb2 Rc4 19. Qe2 Nf7 20. e4 Nd6 21. exd5 e5 22. Bf3 e4 23. Bg4 Kh8 24. Kg2 Bc5 25. Be6 b5 26. Rde1 Qf6 27. f3 e3 28. Qd3 Ra4 29. Re2 Nc4 30. Bc1 Rf8 31. f4 a6 32. Qc2 g6 33. f5 g5 34. Rf3 Qe5 35. Qd3 Kg7 36. Qc2 Kf6 37. Qd3 Qd6 38. Qc2 h5 39. Rf1 Rh8 40. Qd3 h4 41. gxh4 Rxh4 42. Rh1 Qe5 43. a3 Bd6 44. Rxe3 Nxe3+ 45. Qxe3 Qxe3 46. Bxe3 Be5 47. Rd1 Bd6 0-1

[Event "SRB-chT2 West"]
[Site "Valjevo"]
[Date "2010.10.16"]
[Round "10"]
[White "Mrsevic, Miroslav"]
[Black "Zivkovic, Vladislav"]
[Result "1/2-1/2"]
[WhiteElo "2310"]
[BlackElo "2222"]
[PlyCount "72"]
[EventDate "2010.09.12"]
[EventType "team-tourn"]
[EventRounds "9"]
[EventCountry "YUG"]
[SourceTitle "EXT 2011"]
[Source "ChessBase"]
[SourceDate "2010.11.26"]
[SourceVersion "1"]
[SourceVersionDate "2010.11.26"]
[SourceQuality "1"]

1. e4 c6 2. Nf3 d5 3. exd5 cxd5 4. Ne5 Nd7 5. Bb5 a6 6. Bxd7+ Bxd7 7. 0-0 Nf6 8. d4 Bf5 9. Re1 e6 10. g4 Bg6 11. h4 Nd7 12. Nxd7 Kxd7 13. h5 Qh4 14. hxg6 hxg6 15. Qf3 Bd6 16. c4 Rae8 17. c5 Bc7 18. Nc3 g5 19. Be3 Kc8 20. Kf1 f5 21. gxf5 g4 22. Qg2 exf5 23. f4 gxf3 24. Qxf3 Bg3 25. Qxf5+ Kb8 26. Ke2 Bxe1 27. Nxd5 Rhf8 28. Qd7 Bf2 29. Qd6+ Ka7 30. Qb6+ Ka8 31. c6 Rxe3+ 32. Nxe3 Qh5+ 33. Kd3 Qg6+ 34. Ke2 Qh5+ 35. Kd3 Qg6+ 36. Ke2 Qh5+ 1/2-1/2

[Event "SRB-chT2 West"]
[Site "Valjevo"]
[Date "2010.10.03"]
[Round "4"]
[White "Vencl, Radivoje"]
[Black "Zivkovic, Vladislav"]
[Result "1-0"]
[WhiteElo "2308"]
[BlackElo "2222"]
[PlyCount "99"]
[EventDate "2010.09.12"]
[EventType "team-tourn"]
[EventRounds "9"]
[EventCountry "YUG"]
[SourceTitle "EXT 2011"]
[Source "ChessBase"]
[SourceDate "2010.11.26"]
[SourceVersion "1"]
[SourceVersionDate "2010.11.26"]
[SourceQuality "1"]

1. e4 c6 2. f4 d5 3. e5 Bf5 4. d3 e6 5. Be2 h5 6. g3 Bg6 7. Nf3 Be7 8. Be3 c5 9. Bf2 Nc6 10. c3 Nh6 11. h3 Nf5 12. a3 h4 13. g4 Ng3 14. Rg1 Nxe2 15. Qxe2 b5 16. d4 c4 17. Be3 a5 18. Kf2 Qd7 19. Kg2 a4 20. Nbd2 Na5 21. Bf2 Nb3 22. Nxb3 axb3 23. Kh2 0-0-0 24. Qe1 Be4 25. Nd2 Bc2 26. Qe3 Rh7 27. Qf3 Kb8 28. Be3 Rf8 29. Raf1 Bd3 30. Rf2 f6 31. Qd1 Bc2 32. Qe1 Rhh8 33. Rf3 fxe5 34. dxe5 g6 35. Bd4 Rh7 36. Qe3 Rhf7 37. Bc5 Qc6 38. Bxe7 Rxe7 39. Rf2 Ref7 40. Rgg2 Kb7 41. Nf3 Qb6 42. Nd4 Be4 43. Rg1 Ka6 44. a4 b4 45. cxb4 g5 46. a5 gxf4 47. Qc3 Qb8 48. b5+ Kb7 49. Nxe6 Rc8 50. Qd4 1-0

[Event "SRB-chT2 West"]
[Site "Serbia"]
[Date "2009.10.10"]
[Round "9.5"]
[White "Milosavljevic, Milisav"]
[Black "Zivkovic, Vladislav"]
[Result "1/2-1/2"]
[WhiteElo "2196"]
[BlackElo "2228"]
[PlyCount "38"]
[EventDate "2009.09.06"]
[EventType "team"]
[EventRounds "11"]
[EventCountry "SRB"]
[SourceTitle "EXT 2012"]
[Source "ChessBase"]
[SourceDate "2011.11.24"]
[SourceVersion "1"]
[SourceVersionDate "2011.11.24"]
[SourceQuality "1"]

1. c4 e6 2. g3 d5 3. Bg2 Nf6 4. Nf3 Nbd7 5. 0-0 Be7 6. d4 0-0 7. Qc2 c6 8. Nbd2 Re8 9. e4 dxe4 10. Nxe4 Nxe4 11. Qxe4 Nf6 12. Qe2 Bd7 13. Bf4 a5 14. Ne5 Qb6 15. Rfd1 Rad8 16. Be3 Qc7 17. Rac1 Bc8 18. Bf4 Qb6 19. Be3 Qc7 1/2-1/2

[Event "SRB-chT2 West"]
[Site "Serbia"]
[Date "2009.10.09"]
[Round "7.3"]
[White "Drcelic, Sreten"]
[Black "Zivkovic, Vladislav"]
[Result "1-0"]
[WhiteElo "2223"]
[BlackElo "2228"]
[PlyCount "77"]
[EventDate "2009.09.06"]
[EventType "team"]
[EventRounds "11"]
[EventCountry "SRB"]
[SourceTitle "EXT 2012"]
[Source "ChessBase"]
[SourceDate "2011.11.24"]
[SourceVersion "1"]
[SourceVersionDate "2011.11.24"]
[SourceQuality "1"]

1. e4 c6 2. d3 d5 3. Nd2 dxe4 4. dxe4 e5 5. Ngf3 Bc5 6. Be2 Be6 7. 0-0 f6 8. c3 a5 9. Qc2 Ne7 10. Nc4 0-0 11. Be3 Bxe3 12. Nxe3 Na6 13. a3 Nc5 14. b4 Nd7 15. c4 Qc7 16. Qc3 Rfd8 17. Rfc1 axb4 18. axb4 Rxa1 19. Rxa1 Nf8 20. c5 Nc8 21. g3 Bf7 22. Nf5 Kh8 23. Bc4 g6 24. Ne3 Bxc4 25. Nxc4 Ne6 26. Ra8 Kg7 27. Kg2 Nd4 28. Ncd2 Nxf3 29. Nxf3 Ne7 30. Ra2 g5 31. Nd2 Rd4 32. Nc4 Nc8 33. Ra8 Qd7 34. Qc2 Qe6 35. Ne3 Rxb4 36. Nf5+ Kg6 37. Rxc8 Qc4 38. Rg8+ Kf7 39. Nd6+ 1-0